000 00628nam a22002057a 4500
003 0
005 20230817132028.0
008 230817b xxu||||| |||| 00| 0 eng d
020 _a978-621-427-097-2
050 _aHG 4026
_b.Ag38 2022
100 _aAgustin, Marife Acierto
245 _aFinancial management
_cMarife Agustin-Acierto
260 _aManila
_bUnlimited Books
_cc2022.
300 _aviii, 529 pages ;
_c26 cm.
500 _aBusiness enterprises--finance.
504 _aIncludes bibliographical references.
650 _aBusiness enterprises--finance.
650 _aCorporation--finance.
942 _2lcc
_cBK
999 _c365167
_d365167